000 00754nam a22001337a 4500
040 _cRUA
082 _aVEM POV B507 2015 Or.1
100 _aPOV SARATH; ពៅ សារ៉ាត់
245 _a​​​​​​​​​​​​​​Survey on common diseases in fattening pigs at ren sarath's​ farm at Arngsnoul district, Kandal province; ការអង្កេតពីជំងឺទូទៅដែលច្រើនជួបប្រទះលើសត្វជ្រូកសាច់នៅកសិដ្ឋាន រិន​ សារ៉ាត់ ស្រុកអង្គស្នូល ខេត្តកណ្ដាល
260 _aPhnom Penh
_bRUA
_c2015
300 _aix; 39p;
_bill;
_c29cm
856 _u POV SARATH
942 _cVEM
999 _c10490
_d10490